The collected works of Mahatma Gandhi / (Record no. 26723)
[ view plain ]
| 000 -LEADER | |
|---|---|
| fixed length control field | 01047cam a2200289 a 4500 |
| 001 - CONTROL NUMBER | |
| control field | 26723 |
| 003 - CONTROL NUMBER IDENTIFIER | |
| rucl marc code | BD-RjUL |
| 005 - DATE AND TIME OF LATEST TRANSACTION | |
| control field | 20211209051046.0 |
| 008 - FIXED-LENGTH DATA ELEMENTS--GENERAL INFORMATION | |
| fixed length control field | 140323s1970 ii b f001 0 eng d |
| 035 ## - SYSTEM CONTROL NUMBER | |
| System control number | BD-RjUL)26794 |
| 040 ## - CATALOGING SOURCE | |
| Original cataloging agency | DLC |
| Transcribing agency | DLC |
| Modifying agency | DLC |
| -- | BD-RjUL |
| Language of cataloging | eng |
| 041 ## - LANGUAGE CODE | |
| Language code of text/sound track or separate title | eng |
| 082 00 - DEWEY DECIMAL CLASSIFICATION NUMBER | |
| Classification number | 954.035092 |
| Edition number | 21 |
| Author mark and year | GAC V-39 1970 |
| 100 1# - MAIN ENTRY--PERSONAL NAME | |
| Personal name | Gandhi, |
| Dates associated with a name | 1869-1948. |
| 9 (RLIN) | 82113 |
| 245 14 - TITLE STATEMENT | |
| Title | The collected works of Mahatma Gandhi / |
| Statement of responsibility, etc. | Mahatma Gandhi. |
| Number of part/section of a work | Volume xxxix : |
| Name of part/section of a work | (February 1929) |
| 260 ## - PUBLICATION, DISTRIBUTION, ETC. (IMPRINT) | |
| Place of publication, distribution, etc. | New Delhi : |
| Name of publisher, distributor, etc. | Publications Division, Ministry of Information and Broadcasting, Govt. of India, |
| Date of publication, distribution, etc. | 1970 |
| 300 ## - PHYSICAL DESCRIPTION | |
| Pagination | 563p. ; |
| Size | 25 cm. |
| 500 ## - GENERAL NOTE | |
| General note | Includes various editions of some vols. |
| General note | Vol. 91 accompanied by CD Rom |
| 504 ## - BIBLIOGRAPHY, ETC. NOTE | |
| Bibliography, etc | Includes bibliographical references and indexes. |
| 600 ## - SUBJECT ADDED ENTRY--PERSONAL NAME | |
| Personal name | Mahatma Gandhi. |
| Dates associated with a name | 1869-1948. |
| 710 1# - ADDED ENTRY--CORPORATE NAME | |
| Corporate name or jurisdiction name as entry element | India. |
| Subordinate unit | Ministry of Information and Broadcasting. |
| -- | Publications Division. |
| 9 (RLIN) | 82115 |
| 942 ## - ADDED ENTRY ELEMENTS (KOHA) | |
| Source of classification or shelving scheme | Dewey Decimal Classification |
| Koha item type | Books |
| Lost status | Source of classification or shelving scheme | Damaged status | Not for loan | Collection code | Permanent Location | Current Location | Shelving location | Date acquired | Source of acquisition | Total Checkouts | Full call number | Date last seen | Copy number | Koha item type |
|---|---|---|---|---|---|---|---|---|---|---|---|---|---|---|
| Dewey Decimal Classification | Added to bundle | Non-fiction | Central Library, University of Rajshahi | Central Library, University of Rajshahi | Reading Room | 22/06/1977 | Asstti High Com. of India Gift | 954.035092 GAC V-39 1970 | 23/03/2014 | C-1 | Books |